Vocabulaire Anglais "Recruitment" - Statistiques

Statistiques générales
  • Ce quiz a été pris 31 fois
  • Le résultat moyen est 5 sur 15
Statistiques - réponses
Hint Réponse % Correct
stagiaire trainee
68%
recrutement recruitment
64%
stage internship
60%
compétences skills
56%
CV resume
48%
diplômé graduate
40%
entretien d'embauche job interview
32%
lettre de motivation application letter
28%
candidat applicant
16%
poste vacant vacancy
12%
offre d'emploi job ads
8%
recherche d'emploi job hunt
8%
postuler to apply for
8%
pourvoir un poste to fill a position
4%
chercher un travail to look for a job
0%
Aucun quiz correspondant
Distribution des résultats
% des personnes avec chaque résultat
Percentile par nombre de réponses
Votre historique - résultats
Vous n’avez pas pris ce quiz